Marketing Management (Record no. 4157)

MARC details
005 - DATE AND TIME OF LATEST TRANSACTION
control field 20250616141800.0
020 ## - INTERNATIONAL STANDARD BOOK NUMBER
International Standard Book Number 97865432
082 ## - DEWEY DECIMAL CLASSIFICATION NUMBER
Classification number 658.8 KOT
100 ## - MAIN ENTRY--PERSONAL NAME
Author name KOTLER,P.
245 ## - TITLE STATEMENT
Title Marketing Management
250 ## - EDITION STATEMENT
Edition statement 13rd Ed.
260 ## - PUBLICATION, DISTRIBUTION, ETC.
Place of publication, distribution, etc. London,
Name of publisher, distributor, etc. Person Education,
Date of publication, distribution, etc. 2009
300 ## - PHYSICAL DESCRIPTION
Extent 816p.ill.;picture,table
Other physical details Index
Dimensions 27cm
700 ## - ADDED ENTRY--PERSONAL NAME
Other authors/Editors KELLER,K.
942 ## - ADDED ENTRY ELEMENTS (KOHA)
Source of classification or shelving scheme Dewey Decimal Classification
Koha item type Books
Holdings
Date last seen Total checkouts Full call number Barcode Cost, replacement price Price effective from Koha item type Lost status Source of classification or shelving scheme Damaged status Not for loan Withdrawn status Home library Current library Shelving location Date acquired Cost, normal purchase price Source of acquisition
06/16/2025   658.8 KOT DOM0003666 255000.00 06/16/2025 Books   Dewey Decimal Classification       CBE Dodoma CBE Dodoma General Collection 07/12/2012 85000.00  
06/29/2025   658.8 KOT DOM0004302 255000.00 06/29/2025 Books   Dewey Decimal Classification       CBE Dodoma CBE Dodoma General Collection 07/12/2012 85000.00  
06/29/2025   658.8 KOT DOM0004287 255000.00 06/29/2025 Books   Dewey Decimal Classification       CBE Dodoma CBE Dodoma General Collection 07/12/2012 85000.00 Library budget